| 000 | 00741cab a2200229 4500 | ||
|---|---|---|---|
| 001 | ABS45469 | ||
| 008 | 090401t1991 xxu||||| |||| 00| 0 eng d | ||
| 035 | _a(Sirsi) u53188 | ||
| 041 | _aeng | ||
| 100 | _aLloyd, H. | ||
| 245 | _aNo defence in law if issued instructions go missing | ||
| 260 | _c1991 | ||
| 350 | _a0 | ||
| 490 |
_aBuilding _v256 (7720) 8 November 1991, 32(1) |
||
| 520 | _aDiscusses the implications for the construction industry of the case "English Industrial Estates v J&B Excavations" which concerned the validation of clients instructions to contractors. | ||
| 650 | _aCIVIL ENGINEERING CONTRACTS | ||
| 650 | _aINSTRUCTIONS | ||
| 650 | _aVARIATIONS | ||
| 690 | _aLAW | ||
| 942 | _n0 | ||
| 948 | _c04/03/1997 | ||
| 999 |
_c32805 _d32805 |
||